Statistics for Top 20 countries with highest population in 2050

Click here to take the quiz!

General Stats

  • This quiz has been taken 875 times
  • The average score is 17 of 20

Answer Stats

HintAnswer% Correct
1,295,604,000China
100%
1,692,008,000India
99%
403,101,000United States
99%
222,843,000Brazil
95%
126,188,000Russia
93%
293,456,000Indonesia
92%
108,549,000Japan
92%
143,925,000Mexico
92%
389,615,000Nigeria
91%
274,875,000Pakistan
89%
123,452,000Egypt
86%
194,353,000Bangladesh
84%
148,523,000Democratic Republic of the Congo
82%
145,187,000Ethiopia
79%
91,617,000Turkey
77%
103,962,000Vietnam
75%
154,939,000Philippines
65%
96,887,000Kenya
64%
138,312,000Tanzania
58%
94,259,000Uganda
54%

Score Distribution

Percentile by Number Answered

Percent of People with Each Score

Your Score History

You have not taken this quiz